Cumbres borrascosas
Uloženo v:
| Hlavní autor: | |
|---|---|
| Médium: | Kniha |
| Jazyk: | španělština |
| Vydáno: |
Buenos Aires
Random House Mondadori
2015
|
| Vydání: | 1a. ed |
| Edice: | Penguin Clásicos
|
| Témata: | |
| Tagy: |
Přidat tag
Žádné tagy, Buďte první, kdo vytvoří štítek k tomuto záznamu!
|
MARC
| LEADER | 00000cam a2200000 a 4500 | ||
|---|---|---|---|
| 001 | UCD6190 | ||
| 003 | CL-VaPUC | ||
| 008 | 161124e20150000ag |||||||||||||||||spa|d | ||
| 020 | |a 9789873952005 | ||
| 082 | 0 | 4 | |a 823 |b BRO |2 21 |
| 100 | 0 | |a Bronte, Emily |e author |9 332916 | |
| 245 | 1 | 0 | |a Cumbres borrascosas |
| 250 | |a 1a. ed | ||
| 300 | |a 466 p | ||
| 942 | |c BK | ||
| 945 | |d 20161124 22:47:00 |a dcastane | ||
| 260 | |a Buenos Aires |b Random House Mondadori |c 2015 | ||
| 650 | 0 | |a Novelas inglesas |9 265220 | |
| 650 | 0 | |a Literatura inglesa |9 312907 | |
| 583 | |a last modification |c 20161124 22:47:00 |k Rodrigo Vera | ||
| 490 | 0 | |a Penguin Clásicos | |
| 999 | |c 366555 |d 366553 | ||
| 952 | |0 0 |1 0 |3 erb |4 0 |6 823_000000000000000_BRO_2015 |7 0 |8 A |9 480842 |a BIBGIM |b BIBGIM |i 5349907 |l 7 |o 823 BRO 2015 |p 5349907 |r 2025-03-18 |s 2025-03-11 |w 2019-11-24 |y BK |z Catalogado en:20161124 |k COM | ||